| 000 | 00605nam a2200193 a 4500 | ||
|---|---|---|---|
| 001 | 2286 | ||
| 005 | 20140414131946.0 | ||
| 008 | 000822s19uu xx 00 eng d | ||
| 020 | _a0-590-34303-3 | ||
| 050 |
_aTR 004 _bB37.2 1984 |
||
| 100 | _aHanavan, Patricia Relf | ||
| 245 |
_aBasic computing / _cby Patricia Relf Hanavan. |
||
| 260 |
_aNew York : _bScholastic, _c1984. |
||
| 300 | _ap. : ill. ; cm. | ||
| 440 | _aA Scholastic Skills Book - B | ||
| 520 | _aThis book will help you learn: how a computer works, and how to make a computer work for you. | ||
| 650 | _aComputers. | ||
| 999 |
_c112692 _d112692 |
||